| 000 | 01456cam a22003251i 4500 | ||
|---|---|---|---|
| 003 | SA-RiAUC | ||
| 005 | 20251203122026.0 | ||
| 008 | 251128s1972 su f l f00010 ara c | ||
| 040 |
_aSA-JeALM _bara _cSA-RiAUC _erda |
||
| 043 | _aa-su--- | ||
| 050 | 4 | _bS28 1972 | |
| 082 | 0 | 4 |
_a347.53104 _qSA-RiAUC |
| 090 |
_a347.53104 _bس ع و |
||
| 110 | 1 |
_aالسعودية _eسلطة تشريعية. |
|
| 240 | 1 | 0 | _aنظام تركيز مسؤوليات القضاء الشرعي (1372 هـ.) |
| 245 | 1 | 0 |
_aنظام تركيز مسؤوليات القضاء الشرعي : _bتوج هذا النظام بالتصديق العالي رقم 109 في 24 / 1 / 1372 هـ./ |
| 246 | 3 |
_aنظام تركيز مسئوليات القضاء الشرعي : _bتوج هذا النظام بالتصديق العالي رقم 109 في 24 / 1 / 1372 هـ. |
|
| 250 | _aالطبعة الثانية. | ||
| 264 | 1 |
_aالرياض : _bمطابع الحكومة، _c1972 |
|
| 300 |
_a46 صفحة ؛ _c24 سم |
||
| 336 |
_aنص _btxt _2rdacontent _3كتاب |
||
| 337 |
_aبدون وسيط _bn _2rdamedia |
||
| 338 |
_aمجلد _bnc _2rdacarrier |
||
| 650 | 7 |
_aالقضاء الشرعي _zالسعودية _2aucsh |
|
| 650 | 7 |
_aالتنظيم القضائي _zالسعودية _2aucsh |
|
| 650 | 7 |
_aالسلطة القضائية _zالسعودية _2aucsh |
|
| 653 | _aالنوادر. | ||
| 942 |
_2ddc _cBOOK _n0 |
||
| 949 |
_aSA-JeALM _d251128 _umohamedma123 _n1 |
||
| 999 |
_c13436 _d13436 |
||